Statistics for YA book by character

Click here to take the quiz!

General Stats

  • This quiz has been taken 147 times
  • The average score is 6 of 22

Answer Stats

CharacterBook% Correct
Alec LightwoodThe Mortal Instruments
80%
NewtThe Maze Runner
74%
Jessamine Lovelace/GrayThe Infernal Devices
57%
Aspen LegerThe Selection
51%
Uriah PedradDivergent
50%
Clarisse La RuePercy Jackson and the Olympians
50%
Octavia BlakeThe 100
39%
Sadie KaneKane Chronicles
36%
Adrian IvashkovVampire Academy
26%
Evan WalkerThe 5th Wave
23%
Jeremiah FisherThe Summer I Turned Pretty
16%
The ColonelLooking for Alaska
15%
Bryce LoskiFlipped
9%
Sam TempleGone
9%
Macey McHenryGallagher Girls
8%
Katarina BishopHeist Society
8%
Kate WetherallThe Mysterious Benedict Society
8%
Ari BatchelderMaximum Ride
6%
Susannah SimonThe Mediator
6%
Lori McGillicuddyThe Boys Next Door
4%
Ian O'SheaThe Host
4%
Risa WardUnwind
3%

Score Distribution

Percentile by Number Answered

Percent of People with Each Score

Your Score History

You have not taken this quiz